LEADER 00907nam a2200241 a 4500 001 991004025409707536 008 020 $a9788815290212 035 $ab14425646-39ule_inst 040 $aDip.to di Storia, Società e Studi sull'Uomo$bita 082 0 $a300.72 100 1 $aCardano, Mario$0124756 245 10$aArgomenti per la ricerca qualitativa :$bdisegno, analisi, scrittura /$cMario Cardano 260 $aBologna :$bIl mulino,$c2020 300 $a247 p. ;$c22 cm 490 0 $aItinerari. Sociologia 650 4$aRicerca qualitativa 907 $a.b14425646$b11-02-22$c17-11-21 912 $a991004025409707536 945 $aLE023 300.72 CAR 1 1$g1$i2023000199831$lle023$op$pE23.00$q-$rl$s- $t0$u0$v0$w0$x0$y.i15996049$z11-02-22 996 $aArgomenti per la ricerca qualitativa$92569942 997 $aUNISALENTO 998 $ale023$b17-11-21$cm$da $e-$fita$git $h0$i0 LEADER 01359aam 2200397I 450 001 9910710282203321 005 20160121100808.0 024 8 $aGOVPUB-C13-41e6596d85e8a5a4b7fb5aefc387989c 035 $a(CKB)5470000002476462 035 $a(OCoLC)935499306 035 $a(EXLCZ)995470000002476462 100 $a20160121d1980 ua 0 101 0 $aeng 181 $2rdacontent 182 $2rdamedia 183 $2rdacarrier 200 10$aCollaborative reference program for paper $ereport no. 61G /$fR. G. Powell; J. Horlick 210 1$aGaithersburg, MD :$cU.S. Dept. of Commerce, National Institute of Standards and Technology,$d1980. 215 $a1 online resource 225 1 $aNBSIR ;$v80-1821 300 $a1980. 300 $aContributed record: Metadata reviewed, not verified. Some fields updated by batch processes. 300 $aTitle from PDF title page. 320 $aIncludes bibliographical references. 517 $aCollaborative reference program for paper 700 $aPowell$b R. G$01386938 701 $aHorlick$b J$01386491 701 $aPowell$b R. G$01386938 712 02$aUnited States.$bNational Bureau of Standards. 801 0$bNBS 801 1$bNBS 801 2$bGPO 906 $aBOOK 912 $a9910710282203321 996 $aCollaborative reference program for paper$93441856 997 $aUNINA